Amarna : (Record no. 31139)

MARC details
000 -LEADER
fixed length control field 03111cam a2200373Ii 4500
001 - CONTROL NUMBER
control field om986414064
003 - CONTROL NUMBER IDENTIFIER
control field EG-ScBUE
005 - DATE AND TIME OF LATEST TRANSACTION
control field 20260216103942.0
008 - FIXED-LENGTH DATA ELEMENTS--GENERAL INFORMATION
fixed length control field 210324s2020 ua abe f 001 0 eng d
020 ## - INTERNATIONAL STANDARD BOOK NUMBER
International Standard Book Number 9789774169823
040 ## - CATALOGING SOURCE
Original cataloging agency MEAUC
Language of cataloging eng
Description conventions rda
Transcribing agency MEAUC
Modifying agency OCLCO
-- YDX
-- BDX
-- NZAUC
-- OCLCF
-- YUS
-- UBC
-- EG-ScBUE
043 ## - GEOGRAPHIC AREA CODE
Geographic area code f-ua---
082 04 - DEWEY DECIMAL CLASSIFICATION NUMBER
Classification number 932.014
Edition number 22
Item number AMA
245 00 - TITLE STATEMENT
Title Amarna :
Remainder of title a guide to the ancient city of Akhetaten /
Statement of responsibility, etc edited by Anna Stevens.
246 30 - VARYING FORM OF TITLE
Title proper/short title Guide to the ancient city of Akhetaten
264 #1 - PUBLICATION, DISTRIBUTION, ETC. (IMPRINT)
Place of publication, distribution, etc Cairo :
Name of publisher, distributor, etc The American University in Cairo Press,
Date of publication, distribution, etc 2020.
300 ## - PHYSICAL DESCRIPTION
Extent viii, 191 pages :
Other physical details illustrations (some color), maps,plans (some color) ;
Dimensions 25 cm
336 ## - CONTENT TYPE
Content type term text
Content type code txt
Source rdacontent
337 ## - MEDIA TYPE
Media type term unmediated
Media type code n
Source rdamedia
338 ## - CARRIER TYPE
Carrier type term volume
Carrier type code nc
Source rdacarrier
500 ## - GENERAL NOTE
General note Includes index.<br/>
505 0# - FORMATTED CONTENTS NOTE
Formatted contents note Introduction -- Chronology -- Setting the scene -- Visiting Amarna -- North City and palaces -- Eastern cliffs and desert -- Central city -- Southern city and temples.
520 ## - SUMMARY, ETC.
Summary, etc An illustrated cultural guide to the archaeological site of Amarna, the best-preserved pharaonic city in Egypt. Around three thousand years ago, the pharaoh Akhenaten turned his back on Amun, and most of the great gods of Egypt. Abandoning Thebes, he quickly built a grand new city in Middle Egypt, Akhetaten--Horizon of the Aten--devoted exclusively to the sun god Aten. Huge open-air temples served the cult of Aten, while palaces were decorated with painted pavements and inlaid wall reliefs. Akhenaten created a new royal burial ground deep in a desert valley, and his officials built elaborate tombs decorated with scenes of the king and his city. As thousands of people moved to Akhetaten, it became the most important city in Egypt. But it was not to last. Akhenaten's death brought the abandonment of his city and an end to one of the most startling episodes in Egyptian history. Today, Akhetaten is known as Amarna, a sprawling archaeological site in the province of Minya, halfway between Cairo and Luxor. With its beautifully decorated tombs and vast mud-brick ruins, it is the best-preserved pharaonic city in Egypt. This informed and richly illustrated guidebook brings the ancient city of Akhetaten alive with a keen insider's eye, drawing on ongoing archaeological research and the knowledge and insight of Amarna's modern-day communities and caretakers to explain key monuments and events, while offering invaluable practical advice for visiting the site. With over 150 illustrations, maps, and plans, Amarna is both an ideal introduction for visitors to Amarna and a window onto the extraordinary reign of Akhenaten.
600 07 - SUBJECT ADDED ENTRY--PERSONAL NAME
Personal name Akhenaton,
Titles and other words associated with a name King of Egypt
General subdivision History.
Source of heading or term BUEsh
650 #7 - SUBJECT ADDED ENTRY--TOPICAL TERM
Topical term or geographic name as entry element Tombs
Geographic subdivision Egypt
-- Tell el-Amarna.
Source of heading or term BUEsh
650 #7 - SUBJECT ADDED ENTRY--TOPICAL TERM
Topical term or geographic name as entry element Excavations (Archaeology)
Geographic subdivision Egypt
-- Tell el-Amarna.
Source of heading or term BUEsh
651 #7 - SUBJECT ADDED ENTRY--GEOGRAPHIC NAME
Geographic name Tell el-Amarna (Egypt)
General subdivision Antiquities.
Source of heading or term BUEsh
651 #7 - SUBJECT ADDED ENTRY--GEOGRAPHIC NAME
Geographic name Egypt
General subdivision Antiquities.
Source of heading or term BUEsh
653 ## - INDEX TERM--UNCONTROLLED
Arrived date list February2026
Resource For college Generalities
655 ## - INDEX TERM--GENRE/FORM
Form subdivision Reading book
700 1# - ADDED ENTRY--PERSONAL NAME
Personal name Stevens, Anna,
Relator term editor.
942 ## - ADDED ENTRY ELEMENTS (KOHA)
Source of classification or shelving scheme Dewey Decimal Classification
Koha item type Book - Borrowing
Holdings
Withdrawn status Lost status Source of classification or shelving scheme Damaged status Not for loan Collection code Home library Current library Shelving location Date acquired Source of acquisition Cost, normal purchase price Total Checkouts Full call number Barcode Date last seen Cost, replacement price Price effective from Koha item type
    Dewey Decimal Classification     AUC Central Library Central Library Second Floor 16/02/2026 Purchase 920.00   932.014 AMA 000057547 16/02/2026 1150.00 16/02/2026 Book - Borrowing